Había una vez una [casa] / (Record no. 27157)

MARC details
000 -CABECERA
campo de control de longitud fija 00560nam a2200193 a 4500
005 - FECHA Y HORA DE LA ÚLTIMA TRANSACCIÓN
campo de control 20221118063507.0
008 - ELEMENTOS DE LONGITUD FIJA--INFORMACIÓN GENERAL
campo de control de longitud fija 991125s1992 mx 000 0 spa u
020 ## - NÚMERO INTERNACIONAL NORMALIZADO PARA LIBROS
Número Internacional Estándar del Libro 9682941709
035 ## - NÚMERO DE CONTROL DEL SISTEMA
Número de control de sistema UPN01000027157
049 ## - COLECCIÓN
Colección I
050 #4 - SIGNATURA TOPOGRÁFICA DE LA BIBLIOTECA DEL CONGRESO
Número de clasificación PZ73
Número de documento/Ítem M6.5
100 1# - ASIENTO PRINCIPAL--NOMBRE PERSONAL
Nombre de persona Montes, Graciela,
Fechas asociadas al nombre 1947-
9 (RLIN) 27926
245 10 - MENCIÓN DE TÍTULO
Título Había una vez una [casa] /
Mención de responsabilidad, etc. Graciela Montes, Oscar Rojas.
260 ## - PUBLICACIÓN, DISTRIBUCIÓN, ETC.
Lugar de publicación, distribución, etc. México :
Nombre del editor, distribuidor, etc. SEP,
Fecha de publicación, distribución, etc. 1992.
300 ## - DESCRIPCIÓN FÍSICA
Extensión [20] p. :
Otras características físicas il.
650 #4 - ASIENTO SECUNDARIO DE MATERIA - TERMINO TEMATICO
Término de materia o nombre geográfico como elemento de entrada Lectura
Subdivisión general Estudio y enseñanza (Elemental)
9 (RLIN) 2805
700 1# - ASIENTO SECUNDARIO--NOMBRE DE PERSONAL
Nombre de persona Rojas, Oscar,
Término indicativo de función/relación coaut.
905 ## - TIPO DE MATERIAL
Tipo de material Infantil
Holdings
Estado de retiro Estado de pérdida Fuente del sistema de clasificación o colocación Estado dañado No para préstamo Código de colección Localización permanente Ubicación/localización actual Ubicación en estantería Fecha de adquisición Total de préstamos Clasificación Código de barras Fecha visto por última vez Número de copia Tipo de ítem Koha
    Library of Congress Classification     Infantil Bib. Gregorio Torres Quintero Bib. Gregorio Torres Quintero Sala infantil Planta baja 10/05/2023 5 PZ73 M6.5 19773F 31/12/2020 1 Libro